Statistics for Guess the Country by their Domain Name #6

Click here to take the quiz!

General Stats

  • This quiz has been taken 14 times
  • The average score is 11 of 24

Answer Stats

DomainCountry% Correct
.caCanada
85%
.itItaly
85%
.lvLatvia
77%
.cmCameroon
69%
.amArmenia
62%
.laLaos
62%
.gmGambia
54%
.htHaiti
54%
.plPoland
54%
.tzTanzania
54%
.toTonga
54%
.hnHonduras
46%
.ilIsrael
46%
.zaSouth Africa
46%
.crCosta Rica
38%
.geGeorgia
38%
.mwMalawi
38%
.ngNigeria
38%
.myMalaysia
31%
.svEl Salvador
23%
.stSão Tomé and Príncipe
23%
.bjBenin
15%
.ciIvory Coast
15%
.meMontenegro
15%

Score Distribution

Percentile by Number Answered

Percent of People with Each Score

Your Score History

You have not taken this quiz